[Event "Almansa op-B 5th"]
[Site "Almansa"]
[Date "2010.08.10"]
[Round "3.10"]
[White "Dominguez Barbero, David"]
[Black "Alcaraz Cordoba, Sergio"]
[Result "0-1"]
[WhiteElo "1635"]
[BlackElo "1942"]
[PlyCount "50"]
[EventDate "2010.08.09"]
[EventType "swiss"]
[EventRounds "9"]
[EventCountry "ESP"]
[SourceTitle "EXT 2024"]
[Source "ChessBase"]
[SourceDate "2023.10.10"]
[SourceVersion "1"]
[SourceVersionDate "2023.10.10"]
[SourceQuality "1"]

1. d4 d5 2. c4 c6 3. Nc3 e6 4. Nf3 f5 5. e3 Nf6 6. a3 Bd6 7. b4 0-0 8. Bd3 Ne4 9. Bd2 Nd7 10. 0-0 Rf6 11. cxd5 exd5 12. b5 Rh6 13. bxc6 Bxh2+ 14. Kh1 Bc7+ 15. Kg1 bxc6 16. g3 Qe8 17. Kg2 Qg6 18. Ne2 Ndf6 19. Nf4 Bxf4 20. exf4 Ng4 21. Be1 Nxg3 22. Rg1 Qh5 23. Ng5 Qh2+ 24. Kf3 Qxg1 25. fxg3 Qe3+ 0-1